<?xml version="1.0" encoding="UTF-8"?>
<record
    xmlns:xsi="http://www.w3.org/2001/XMLSchema-instance"
    xsi:schemaLocation="http://www.loc.gov/MARC21/slim http://www.loc.gov/standards/marcxml/schema/MARC21slim.xsd"
    xmlns="http://www.loc.gov/MARC21/slim">

  <leader>03769cam a22003974i 4500</leader>
  <controlfield tag="003">PE-LiUPU</controlfield>
  <controlfield tag="005">20250731183427.0</controlfield>
  <controlfield tag="008">150706s                r     000 0     d</controlfield>
  <datafield tag="020" ind1=" " ind2=" ">
    <subfield code="a">9783938780312</subfield>
  </datafield>
  <datafield tag="035" ind1=" " ind2=" ">
    <subfield code="a">(Sirsi) i9783938780312</subfield>
  </datafield>
  <datafield tag="040" ind1=" " ind2=" ">
    <subfield code="a">PE-LiUPU</subfield>
    <subfield code="b">spa</subfield>
    <subfield code="c">PE-LiUPU</subfield>
    <subfield code="e">rda</subfield>
  </datafield>
  <datafield tag="049" ind1=" " ind2=" ">
    <subfield code="a">PRUA</subfield>
  </datafield>
  <datafield tag="082" ind1="0" ind2="4">
    <subfield code="a">721.04473</subfield>
    <subfield code="b">M48M</subfield>
    <subfield code="2">21</subfield>
  </datafield>
  <datafield tag="100" ind1="1" ind2=" ">
    <subfield code="a">Meyho&#xA8;fer, Dirk,</subfield>
    <subfield code="e">autor.</subfield>
  </datafield>
  <datafield tag="245" ind1="1" ind2="0">
    <subfield code="a">Magic metal :</subfield>
    <subfield code="b">buildings of steel, aluminium, copper and tin /</subfield>
    <subfield code="c">proyectos seleccionados por Dirk Meyho&#xA8;fer; [traducci&#xF3;n, Stephen Roche].</subfield>
  </datafield>
  <datafield tag="264" ind1=" " ind2="1">
    <subfield code="a">[Berlin] :</subfield>
    <subfield code="b">Braun,,</subfield>
    <subfield code="c">2008.</subfield>
  </datafield>
  <datafield tag="300" ind1=" " ind2=" ">
    <subfield code="a">256 p&#xE1;ginas :</subfield>
    <subfield code="b">ilustraciones ;</subfield>
    <subfield code="c">25 cent&#xED;metros</subfield>
  </datafield>
  <datafield tag="336" ind1=" " ind2=" ">
    <subfield code="a">text</subfield>
    <subfield code="2">rdacontent</subfield>
  </datafield>
  <datafield tag="337" ind1=" " ind2=" ">
    <subfield code="a">unmediated</subfield>
    <subfield code="2">rdamedia</subfield>
  </datafield>
  <datafield tag="338" ind1=" " ind2=" ">
    <subfield code="a">volume</subfield>
    <subfield code="2">rdacarrier</subfield>
  </datafield>
  <datafield tag="505" ind1="0" ind2=" ">
    <subfield code="a">Bone -- New city centre vaihingen -- Orang-utan house in the hagenbeck zoo -- Hohen luckow residential house -- "Les Bons Enfants" -- Total service stations in hellebecq -- S&#xFC;dwesmetall heilbronn new branch offices -- LBK infothek -- Jussieu university building -- Kiel central railway station -- Ski jump vogtland arena -- Light rail station in the hague -- THS administrative building, nordstern colliery -- Forum messe - Trade fair centre -- Seattle central library -- Tivoli concert hall -- Kai 13 -- Lentos kunstmuseum -- Central bus station in herne -- Quayside granary warehouse on the river port in harburg -- Galway-mayo IT learning resource centre -- S&#xFC;dwestmetall reutlingen -- Hessing cockpit building in an acoustic barrier -- Slender and bender -- training centre with cafeteria -- Kontor 19 -- Elektro graf extension -- Expansion of the "Klosterschule" school in hamburg -- Conversion and refurbishment of Jakobstrabe bower in Braunschweig -- Relaxation park in torrevieja -- AS 16 suncatcher -- "Industrial culture workshop" G&#xF6;ttelborn coal mine -- Main auditorium of Brandenburg university of Applied Sciences -- Rolandsbr&#xFC;cke office building -- Headquarters of Fanuc Robotics Deutschland -- Palestra office building -- Xeros residence -- School of art &amp; art history, university of lowa -- Sculpture -- Marqu&#xE9;s de riscal hotel -- Popstage mezz -- Bugatti company headquarters -- WKK energy plant -- Veranda parking garage -- Tea house on bunker -- Harbour control tower -- Wales millennium centre -- BMW plant leipzig - central building -- Eco-boulevard of vallecas, new suburban extension of madrid -- Rooftecture S -- Echigo-Matsunoyama museum of natural science -- Sachsenhausen memorial "Station Z" -- House of sweden -- Headquarters of ferrari S.p.A -- Unidade industrial da inapal metal -- Son- o -house -- XXL -- Project education centre: the core -- Airbus A380 manufacturing halls -- DeBrug headquarters unilever -- "Culture island" in middelfart --  City hall in graz -- Paul Klee centre -- New trade fair Milan -- BMW project house in the research and innovation centre munich -- Centre for moderm music/BIMhuis -- Walt disney concert hall -- Padre pio pilgrimage church -- Bianimale nomadic museum.</subfield>
  </datafield>
  <datafield tag="526" ind1=" " ind2=" ">
    <subfield code="a">P158</subfield>
  </datafield>
  <datafield tag="526" ind1=" " ind2=" ">
    <subfield code="a">P146</subfield>
  </datafield>
  <datafield tag="526" ind1=" " ind2=" ">
    <subfield code="a">P17</subfield>
  </datafield>
  <datafield tag="526" ind1=" " ind2=" ">
    <subfield code="a">P12</subfield>
  </datafield>
  <datafield tag="526" ind1=" " ind2=" ">
    <subfield code="a">P06</subfield>
  </datafield>
  <datafield tag="541" ind1=" " ind2=" ">
    <subfield code="g">001-000410;</subfield>
  </datafield>
  <datafield tag="650" ind1="0" ind2="4">
    <subfield code="a">Arquitectura moderna</subfield>
    <subfield code="y">Siglo XXI.</subfield>
  </datafield>
  <datafield tag="650" ind1="0" ind2="4">
    <subfield code="a">Estructuras met&#xE1;licas</subfield>
    <subfield code="x">Uniones.</subfield>
  </datafield>
  <datafield tag="910" ind1=" " ind2=" ">
    <subfield code="a">gl20110517</subfield>
  </datafield>
  <datafield tag="942" ind1=" " ind2=" ">
    <subfield code="2">ddc</subfield>
    <subfield code="c">BOOK</subfield>
  </datafield>
  <datafield tag="949" ind1=" " ind2=" ">
    <subfield code="a">721.04473 M48M</subfield>
    <subfield code="w">DEWEY</subfield>
    <subfield code="c">1</subfield>
    <subfield code="i">62900</subfield>
    <subfield code="d">2015-8-21</subfield>
    <subfield code="e">2015-8-20</subfield>
    <subfield code="l">CCODEBUL1</subfield>
    <subfield code="m">BUL</subfield>
    <subfield code="n">1</subfield>
    <subfield code="p">72.00</subfield>
    <subfield code="r">0</subfield>
    <subfield code="s">Y</subfield>
    <subfield code="t">BOOK</subfield>
    <subfield code="u">2015-7-6</subfield>
    <subfield code="x">INGENIERIA</subfield>
    <subfield code="P">P06</subfield>
    <subfield code="0">COMPRA</subfield>
    <subfield code="o">.STAFF. Colecci&#xF3;n General</subfield>
  </datafield>
  <datafield tag="994" ind1=" " ind2=" ">
    <subfield code="a">C0</subfield>
    <subfield code="b">PEPRU</subfield>
  </datafield>
  <datafield tag="596" ind1=" " ind2=" ">
    <subfield code="a">1</subfield>
  </datafield>
  <datafield tag="999" ind1=" " ind2=" ">
    <subfield code="a">721.04473 M48M</subfield>
    <subfield code="w">DEWEY</subfield>
    <subfield code="c">51927</subfield>
    <subfield code="i">62900</subfield>
    <subfield code="d">51927</subfield>
    <subfield code="e">2018-9-13</subfield>
    <subfield code="f">2021-11-9</subfield>
    <subfield code="g">7</subfield>
    <subfield code="l">CCODEBUL1</subfield>
    <subfield code="m">BUL</subfield>
    <subfield code="n">3</subfield>
    <subfield code="p">72.00</subfield>
    <subfield code="q">1</subfield>
    <subfield code="r">0</subfield>
    <subfield code="s">Y</subfield>
    <subfield code="t">BOOK</subfield>
    <subfield code="u">2015-7-6</subfield>
    <subfield code="x">INGENIERIA</subfield>
    <subfield code="P">P06</subfield>
    <subfield code="0">COMPRA</subfield>
    <subfield code="o">.STAFF. Colecci&#xF3;n General</subfield>
  </datafield>
  <datafield tag="980" ind1=" " ind2=" ">
    <subfield code="8">1</subfield>
    <subfield code="g">ALBERTO SANCHEZ Responsable de Automatizaci&#xF3;n</subfield>
  </datafield>
  <datafield tag="952" ind1=" " ind2=" ">
    <subfield code="r">2025-12-03 00:00:00</subfield>
    <subfield code="i">8</subfield>
    <subfield code="l">3</subfield>
    <subfield code="o">721.04473 M48M</subfield>
    <subfield code="p">62900</subfield>
    <subfield code="s">2018-09-13</subfield>
    <subfield code="t">e1</subfield>
    <subfield code="v">77.00</subfield>
    <subfield code="w">2015-07-06</subfield>
    <subfield code="x">FIA</subfield>
    <subfield code="y">BK</subfield>
    <subfield code="z">inventario-2023-12-13</subfield>
    <subfield code="1">0</subfield>
    <subfield code="2">ddc</subfield>
    <subfield code="5">0</subfield>
    <subfield code="7">0</subfield>
    <subfield code="8">GEN</subfield>
    <subfield code="f">P06</subfield>
    <subfield code="a">BUL</subfield>
    <subfield code="b">BUL</subfield>
    <subfield code="c">GEN</subfield>
    <subfield code="d">2015-07-06</subfield>
    <subfield code="e">COMPRA</subfield>
    <subfield code="g">72.00</subfield>
  </datafield>
</record>
